Nuevo proyecto de reforma a la ley concursal (Registro nro. 20911)

Detalles MARC
000 -LEADER
fixed length control field 00330 a2200109 4500
001 - CONTROL NUMBER
control field ART_40552
005 - DATE AND TIME OF LATEST TRANSACTION
control field 20260410161805.0
008 - FIXED-LENGTH DATA ELEMENTS--GENERAL INFORMATION
fixed length control field 260409a
100 1# - MAIN ENTRY--PERSONAL NAME
Personal name Vaiser, Lidia
245 10 - TITLE STATEMENT
Title Nuevo proyecto de reforma a la ley concursal
773 0# - HOST ITEM ENTRY
Title Doctrina Societaria y Concursal
Related parts - Nº 347 (oct. 2016)
Record control number REV4298

No hay ítems disponibles.